Directory of NCERT programmes 2002-2003 (Record no. 165002)

MARC details
000 -LEADER
fixed length control field 00390nam a2200145Ia 4500
005 - DATE AND TIME OF LATEST TRANSACTION
control field 20240821160436.0
008 - FIXED-LENGTH DATA ELEMENTS--GENERAL INFORMATION
fixed length control field 240821s9999||||xx |||||||||||||| ||und||
082 ## - DEWEY DECIMAL CLASSIFICATION NUMBER
Classification number 370.025 DIR (N-R)
100 ## - MAIN ENTRY--PERSONAL NAME
Personal name Mittal, J.P.
245 #0 - TITLE STATEMENT
Title Directory of NCERT programmes 2002-2003
260 ## - PUBLICATION, DISTRIBUTION, ETC.
Place of publication, distribution, etc. New Delhi
Name of publisher, distributor, etc. NCERT,PPMED
Date of publication, distribution, etc. 0
300 ## - PHYSICAL DESCRIPTION
Extent 55p
650 ## - SUBJECT ADDED ENTRY--TOPICAL TERM
Topical term or geographic name entry element Educational programmes-directories
942 ## - ADDED ENTRY ELEMENTS (KOHA)
Koha item type Book
Holdings
Withdrawn status Lost status Damaged status Not for loan Home library Current library Date acquired Total checkouts Barcode Date last seen Price effective from Koha item type
        Library and Documentation Division NCERT Library and Documentation Division NCERT 08/21/2024   F23744 08/21/2024 08/21/2024 Book